000
00473nam a2200181Ia 4500
008
100917s9999 xx 000 0 und d
082
_b
45113
100
_a
चलवादी विट्ठल
245
_a
भुरळ
260
_b
रम्यकथा प्रकाशन
_c
1970
300
_a
88
365
_b
3
520
_a
कादंबरी
630
_a
भुरळ
650
_a
कादंबरी
730
_a
भुरळ
942
_c
BOOK
999
_c
650507
_d
650504